[Event "Mittelfranken-chTB2b 1718"]
[Site "Mittelfranken"]
[Date "2018.05.06"]
[Round "9.7"]
[White "Ruderer, Thomas"]
[Black "Weber, Willibald"]
[Result "0-1"]
[WhiteElo "1671"]
[BlackElo "1647"]
[PlyCount "45"]
[EventDate "2017.10.08"]
[EventType "team-tourn"]
[EventRounds "9"]
[EventCountry "GER"]
[SourceTitle "EXT 2022"]
[Source "ChessBase"]
[SourceDate "2021.10.06"]
[SourceVersion "1"]
[SourceVersionDate "2021.10.06"]
[SourceQuality "1"]
[WhiteTeam "Heideck/Hilpoltstein"]
[BlackTeam "Nuernberg Anderssen"]
[WhiteTeamCountry "GER"]
[BlackTeamCountry "GER"]

1. e4 d6 2. d4 g6 3. c3 Bg7 4. Be3 c6 5. Bd3 Nf6 6. h3 a5 7. Nd2 b5 8. Ne2 a4 9. f4 e6 10. 0-0 0-0 11. Qc2 Bb7 12. g4 Nbd7 13. Ng3 e5 14. g5 Ne8 15. f5 f6 16. h4 Nc7 17. Nf3 c5 18. Qh2 exd4 19. cxd4 cxd4 20. Nxd4 Ne5 21. Rad1 Ng4 22. Qe2 Nxe3 23. Qxe3 0-1

[Event "Nuremberg Zabo op 19th"]
[Site "Nuremberg"]
[Date "2017.09.15"]
[Round "1"]
[White "Ruderer, Thomas"]
[Black "Miller, Eduard"]
[Result "0-1"]
[WhiteElo "1672"]
[BlackElo "2305"]
[PlyCount "58"]
[EventDate "2017.09.15"]
[EventType "swiss"]
[EventRounds "5"]
[EventCountry "GER"]
[SourceTitle "EXT 2022"]
[Source "ChessBase"]
[SourceDate "2021.10.06"]
[SourceVersion "1"]
[SourceVersionDate "2021.10.06"]
[SourceQuality "1"]

1. e4 e5 2. Nf3 Nc6 3. d4 exd4 4. Nxd4 Qf6 5. Nxc6 Bc5 6. Qe2 dxc6 7. Nc3 Be6 8. Bd2 0-0-0 9. 0-0-0 Qxf2 10. Qxf2 Bxf2 11. Bd3 Ne7 12. Rhf1 Bd4 13. h3 Ng6 14. Ne2 c5 15. c3 Bf6 16. Bb1 Bc4 17. Rf2 Bh4 18. g3 Bxe2 19. Rxe2 Bxg3 20. Rf1 f6 21. Rg2 Be5 22. h4 Nxh4 23. Rxg7 Rdg8 24. Rfg1 Rxg7 25. Rxg7 h5 26. Bd3 Nf3 27. Be3 h4 28. Be2 Ng5 29. Bg4+ Kb8 0-1

[Event "Mittelfranken-chT2b 1617"]
[Site "Mittelfranken"]
[Date "2017.05.14"]
[Round "9.4"]
[White "Ruderer, Thomas"]
[Black "Gloth, Gerrit"]
[Result "0-1"]
[WhiteElo "1672"]
[BlackElo "1926"]
[PlyCount "143"]
[EventDate "2016.10.23"]
[EventType "team-tourn"]
[EventRounds "9"]
[EventCountry "GER"]
[SourceTitle "EXT 2022"]
[Source "ChessBase"]
[SourceDate "2021.10.06"]
[SourceVersion "1"]
[SourceVersionDate "2021.10.06"]
[SourceQuality "1"]
[WhiteTeam "Heideck/Hilpoltstein"]
[BlackTeam "Erlangen SC III"]
[WhiteTeamCountry "GER"]
[BlackTeamCountry "GER"]

1. e4 Nf6 2. e5 Nd5 3. Nf3 d6 4. exd6 exd6 5. Be2 Be7 6. d3 0-0 7. 0-0 Bg4 8. c4 Nb6 9. Nbd2 Nc6 10. b3 Bf6 11. Rb1 d5 12. Bb2 Bxb2 13. Rxb2 Qf6 14. Rb1 Nb4 15. Ra1 c5 16. a3 Nc6 17. h3 Bf5 18. Re1 Rfe8 19. Nf1 dxc4 20. dxc4 Rad8 21. Qc1 Na5 22. N3d2 Re7 23. b4 cxb4 24. axb4 Nc6 25. Ne3 Red7 26. Nb3 Nxb4 27. Qa3 Nc2 28. Nxc2 Bxc2 29. Nc5 Re7 30. Qc1 Bg6 31. Rxa7 Rde8 32. Rxb7 Qc6 33. Rxe7 Rxe7 34. Na6 h6 35. Nb4 Qc5 36. Nd5 Nxd5 37. cxd5 Qxc1 38. Rxc1 Rxe2 39. Rd1 Re7 40. d6 Rd7 41. f4 f6 42. g4 f5 43. Kf2 Kf7 44. Ke3 Ke6 45. Ra1 Rxd6 46. Ra7 Rd7 47. Ra6+ Kf7 48. Ra5 Re7+ 49. Kf3 Kf6 50. Ra6+ Kf7 51. Ra5 fxg4+ 52. hxg4 Be4+ 53. Kg3 Rb7 54. f5 Bc6 55. Ra6 Rb3+ 56. Kf4 Rb4+ 57. Kg3 Rc4 58. Ra7+ Kg8 59. Rc7 Bd5 60. Ra7 Rc3+ 61. Kh4 Bg2 62. Ra8+ Kf7 63. Ra7+ Kf6 64. Ra6+ Rc6 65. Ra7 Bf1 66. Ra1 Be2 67. Ra7 Rc4 68. Ra6+ Kf7 69. Ra7+ Kg8 70. Ra8+ Kh7 71. Kh5 Rxg4 72. f6 0-1

[Event "Mittelfranken-chTB2b 1314"]
[Site "Mittelfranken"]
[Date "2014.03.09"]
[Round "7.5"]
[White "Ruderer, Thomas"]
[Black "Osthof, Rudolf"]
[Result "1/2-1/2"]
[WhiteElo "1730"]
[BlackElo "1609"]
[PlyCount "41"]
[EventDate "2013.10.20"]
[EventType "team-tourn"]
[EventRounds "9"]
[EventCountry "GER"]
[SourceTitle "EXT 2020"]
[Source "ChessBase"]
[SourceDate "2019.10.17"]
[SourceVersion "1"]
[SourceVersionDate "2019.10.17"]
[SourceQuality "1"]
[WhiteTeam "Heideck/Hilpoltstein"]
[BlackTeam "Forchheim III"]
[WhiteTeamCountry "GER"]
[BlackTeamCountry "GER"]

1. e4 Nf6 2. e5 Nd5 3. c4 Nb6 4. d4 d6 5. Nf3 Nc6 6. exd6 cxd6 7. d5 Ne5 8. Nxe5 dxe5 9. Nc3 e6 10. dxe6 Bxe6 11. Bd2 Bc5 12. b3 Qd4 13. Qe2 0-0-0 14. Rd1 a6 15. Ne4 Be7 16. Ba5 Qxd1+ 17. Qxd1 Rxd1+ 18. Kxd1 Nd7 19. h4 b6 20. Bd2 f6 21. g3 1/2-1/2

[Event "Mittelfranken-chTB2b 1112"]
[Site "Germany"]
[Date "2011.10.23"]
[Round "2.6"]
[White "Ruderer, Thomas"]
[Black "Lindner, Christoph"]
[Result "0-1"]
[WhiteElo "1763"]
[BlackElo "1725"]
[PlyCount "94"]
[EventDate "2011.09.25"]
[EventType "team-tourn"]
[EventRounds "9"]
[EventCountry "GER"]
[SourceTitle "EXT 2013"]
[Source "ChessBase"]
[SourceDate "2012.11.22"]
[SourceVersion "1"]
[SourceVersionDate "2012.11.22"]
[SourceQuality "1"]
[WhiteTeam "Heideck/Hilpoltstein"]
[BlackTeam "Kirchehrenbach/Ebermannstadt"]
[WhiteTeamCountry "GER"]
[BlackTeamCountry "GER"]

1. d4 d5 2. Nf3 Nf6 3. e3 Bg4 4. Be2 e6 5. 0-0 Bd6 6. Nbd2 0-0 7. b3 c5 8. c3 Nbd7 9. Bb2 cxd4 10. cxd4 Rc8 11. Ne5 Bxe2 12. Qxe2 Rc2 13. Nd3 Ne4 14. Rfd1 Qa5 15. Qe1 Rxd2 16. Rxd2 Qxd2 17. Qxd2 Nxd2 18. f3 Rc8 19. Rd1 Rc2 20. Bc1 Nb1 21. a4 Nc3 22. Rd2 Rxd2 23. Bxd2 Na2 24. a5 b6 25. Kf1 bxa5 26. Bxa5 Nb8 27. Nc5 Nc6 28. Bd2 Nab4 29. g3 Bxc5 30. dxc5 Na6 31. Ke2 Nxc5 32. b4 Nd7 33. Kd3 Nde5+ 34. Ke2 Nc4 35. Bc3 a6 36. Kd3 f6 37. f4 Nd6 38. g4 Ne4 39. Be1 Kf7 40. Kc2 Ke7 41. Kb3 Kd7 42. Ka4 Nd6 43. Bc3 Nc4 44. g5 e5 45. gxf6 gxf6 46. b5 Nb6+ 47. Kb3 axb5 0-1

[Event "Mittelfranken-chTB2b 1112"]
[Site "Germany"]
[Date "2011.09.25"]
[Round "1.6"]
[White "Reuter, Roland"]
[Black "Ruderer, Thomas"]
[Result "1-0"]
[WhiteElo "1860"]
[BlackElo "1763"]
[PlyCount "73"]
[EventDate "2011.09.25"]
[EventType "team-tourn"]
[EventRounds "9"]
[EventCountry "GER"]
[SourceTitle "EXT 2013"]
[Source "ChessBase"]
[SourceDate "2012.11.22"]
[SourceVersion "1"]
[SourceVersionDate "2012.11.22"]
[SourceQuality "1"]
[WhiteTeam "Muehlhof/Schwabach"]
[BlackTeam "Heideck/Hilpoltstein"]
[WhiteTeamCountry "GER"]
[BlackTeamCountry "GER"]

1. c4 c5 2. Nf3 Nf6 3. Nc3 e6 4. d3 Be7 5. g3 b6 6. Bg2 Bb7 7. 0-0 0-0 8. b3 Nc6 9. Re1 d6 10. Bb2 Nd7 11. Qd2 a6 12. Rad1 Bf6 13. e3 Nce5 14. Nxe5 Bxg2 15. Nxd7 Bf3 16. Nxf6+ Qxf6 17. e4 Bxd1 18. Rxd1 Qe7 19. Qe3 b5 20. Ne2 e5 21. f4 f6 22. Rf1 b4 23. Rf2 Qe6 24. Qf3 Ra7 25. h4 Rc7 26. g4 Kf7 27. Ng3 Ke8 28. Nf5 Rcf7 29. Qh3 a5 30. g5 Kd8 31. Qg2 exf4 32. Rxf4 Kc7 33. gxf6 Rxf6 34. Bxf6 Rxf6 35. Qxg7+ Rf7 36. Qg2 Qe5 37. Rg4 1-0

[Event "Mittelfranken-ch QT 60th"]
[Site "Buechenbach/Roth"]
[Date "2011.04.22"]
[Round "6"]
[White "Weissmann, Peter"]
[Black "Ruderer, Thomas"]
[Result "1/2-1/2"]
[WhiteElo "1736"]
[BlackElo "1772"]
[PlyCount "117"]
[EventDate "2011.04.20"]
[EventType "swiss"]
[EventRounds "7"]
[EventCountry "GER"]
[SourceTitle "CBM 142 Extra"]
[Source "ChessBase"]
[SourceDate "2011.06.27"]
[SourceVersion "1"]
[SourceVersionDate "2011.06.27"]
[SourceQuality "1"]

1. e4 e6 2. d4 d5 3. exd5 exd5 4. Bd3 Nf6 5. Bg5 Be7 6. h3 0-0 7. c3 Re8 8. Ne2 Ne4 9. Bxe7 Qxe7 10. Bxe4 Qxe4 11. f3 Qe7 12. Nd2 b6 13. b3 Nd7 14. g3 c5 15. Rh2 Ba6 16. Kf1 Qe3 17. c4 cxd4 18. Nf4 dxc4 19. Nxc4 Nc5 20. Nd5 Qe5 21. Nf4 Qf6 22. Re2 Rxe2 23. Qxe2 d3 24. Qb2 Qxb2 25. Nxb2 d2+ 26. Kf2 g5 27. Nd5 Rd8 28. Nb4 Bb7 29. Rd1 a5 30. Nc2 Nd3+ 31. Nxd3 Rxd3 32. Ne3 f5 33. Ke2 Ba6 34. Nc4 Bxc4 35. bxc4 Rc3 36. Rxd2 Rxc4 37. Rb2 Rc6 38. Kd3 Kf7 39. Kd4 Kf6 40. Kd5 Re6 41. a4 h5 42. Rc2 Re5+ 43. Kd4 g4 44. hxg4 hxg4 45. fxg4 Re4+ 46. Kd5 Rxg4 47. Rc6+ Kg5 48. Rxb6 Rxa4 49. Rb5 Kg4 50. Ke6 Re4+ 51. Kf6 Kxg3 52. Kxf5 Rf4+ 53. Ke5 a4 54. Kd5 Kf3 55. Rb2 Ke3 56. Kc5 Kd3 57. Kb5 Kc3 58. Rh2 Rd4 59. Rh3+ 1/2-1/2